League of Legends: Amumu Skins - Statistiken

Allgemein
  • Dieses Quiz wurde 109 mal gespielt
  • Das Durchschnittsergebnis liegt bei 8 aus 13
Antwortstatistiken
Bildquiz Antwort % Korrekt
Pharao Amumu
92%
Hextech Amumu
91%
Emumu
88%
Porzellan Amumu
87%
Infernalischer Amumu
82%
Geschenk Amumu
64%
Überraschungsparty Amumu
44%
Kleiner RItter Amumu
41%
Beinahe Ballkönig Amumu
40%
Trauriger Roboter Amumu
38%
Vancouver Amumu
37%
Kürbisprinz Amumu
25%
Herzschmerz Amumu
24%
Keine übereinstimmenden Quizze gefunden
Verteilung der Resultate
Anzahl Personen mit jedem Resultat
Perzentil nach korrekt beantworteten Fragen
Ihre Resultats-Entwicklung
Sie haben dieses Quiz noch nicht gespielt